| LEADER |
01200nam0a2200241 450 |
| 001 |
16827894 |
| 010 |
|
|
|a 978-2-8116-1989-3
|d 8,05
|
| 100 |
|
|
|a 20170428d2017 u u0frey01 ba
|
| 101 |
1 |
|
|a fre
|c jpn
|
| 102 |
|
|
|a FR
|
| 200 |
0 |
|
|a Killing in the Rain
|e Killing in the Rain
|
| 207 |
|
1 |
|a
|
| 210 |
|
|
|a Vanves
|c Pika Edition
|d 2017
|
| 215 |
|
|
|a 1 vol. (240 p.)
|d 19 cm
|
| 225 |
1 |
|
|a Pika Seinen Museum
|
| 330 |
|
|
|a Une femme dévorée par des chiens, un homme découpé en petits morceaux... Une série de meurtres, un seul indice... une signature sur chaque scène, un petit message laconique, un verdict inscrit sur un papier. Le lieutenant Sawamura, secondé par le sergent Nishino, enquête mais manque cruellement de pistes. Et pour ne rien arranger, Sawamura n'arrive plus à joindre sa femme qui a quitté le domicile conjugal avec leur fils...
|
| 461 |
|
0 |
|t Museum
|v 1
|
| 700 |
|
0 |
|a Tomoe
|b Ryôsuke
|c Illustrateur
|f 1983-....
|4 70
|
| 702 |
|
0 |
|a Desbief
|b Thibaud
|c Traducteur
|f 19..-....
|4 70
|
| 702 |
|
0 |
|a Dubois
|b Brigitte
|4 70
|
| 900 |
|
|
|a Bandes déssinées ADULTE
|
| 901 |
|
|
|a Accessible au prêt
|
| 995 |
|
|
|a Bibliothèque
|c Bibliothèque
|f 024018073
|h 024018073
|k BDJ TOM
|o p
|q j
|r az
|e Bibliothèque
|